LIBRARY & INFORMATION CENTRE, KCAET, TAVANUR

ONLINE PUBLIC ACCESS CATALOGUE (OPAC)

Techniciary manufacturing technology 4 / (Record no. 1597)

MARC details
000 -LEADER
fixed length control field 00427cam a2200169ua 4500
020 ## - INTERNATIONAL STANDARD BOOK NUMBER
ISBN 0340 365714
041 ## - LANGUAGE CODE
Language code of text/sound track or separate title eng
082 ## - DEWEY DECIMAL CLASSIFICATION NUMBER
Classification number 670
Item number HAS/TE
100 ## - MAIN ENTRY--AUTHOR NAME
Personal name Haslehurnt, M .
245 ## - TITLE STATEMENT
Title Techniciary manufacturing technology 4 /
250 ## - EDITION STATEMENT
Edition statement 1 /
260 ## - PUBLICATION, DISTRIBUTION, ETC. (IMPRINT)
Place of publication :
Name of publisher English Language Book Society ,
Year of publication 1982.
300 ## - PHYSICAL DESCRIPTION
Number of Pages 244 ; .
942 ## - ADDED ENTRY ELEMENTS (KOHA)
Koha item type Books
Holdings
Withdrawn status Lost status Damaged status Home library Current library Date acquired Full call number Accession Number Koha item type
      KAUAET KAUAET 11/09/1986 670 15774 Books
free website counter